| 000 | 00517nam a2200193Ia 4500 | ||
|---|---|---|---|
| 999 |
_c15100 _d15100 |
||
| 003 | OSt | ||
| 005 | 20201116093555.0 | ||
| 008 | 190216s9999||||xx |||||||||||||| ||und|| | ||
| 020 | _a8125015841 | ||
| 040 | _coclc | ||
| 082 |
_a428 _bFIT/C |
||
| 100 |
_aFitikides, T J _96448 |
||
| 245 | 0 |
_aCommon Mistakes In English / _cT J Fitikides |
|
| 250 | _a5th Ed. | ||
| 260 |
_bOrient Longman, _c2004. _aMumbai: |
||
| 300 | _a200p | ||
| 650 | _aEnglish | ||
| 942 |
_cBK _2ddc _h428 _iFIT/C _k428 _mFIT/C |
||